Hungarikumok a mindennapokban és a turizmusban

Bibliográfiai részletek
Szerző: Fekete Florentina Ágnes
További közreműködők: Sóvári Katalin
Dokumentumtípus: Diplomadolgozat
Kulcsszavak:hungarikum
kulturális örökség
nemzeti identitás
országimázs
turizmus
Online Access:http://dolgozattar.uni-bge.hu/59546

MARC

LEADER 00000nta a2200000 i 4500
001 dolg59546
005 20260409145218.0
008 260409suuuu hu om 000 hun d
040 |a BGE Dolgozattár Repozitórium  |b hun 
041 |a hu 
100 1 |a Fekete Florentina Ágnes 
245 1 0 |a Hungarikumok a mindennapokban és a turizmusban  |c Fekete Florentina Ágnes  |h [elektronikus dokumentum] 
520 3 |a Dolgozatom célja a hungarikumok szerepének vizsgálata a magyar társadalomban és a turizmusban, különös tekintettel azok ismertségére, megítélésére, valamint a nemzeti identitás és az országimázs alakításában betöltött funkciójukra. A témaválasztás aktualitását az adja, hogy a nemzeti értékek iránti érdeklődés az utóbbi években jelentősen megnőtt, különösen a gasztronómiai és kulturális turizmus területén. A dolgozat első részében bemutatom a hungarikum fogalmát, kategóriáit, valamint a hungarikummá válás folyamatát. Kiemelten foglalkozom a turizmus és vendéglátás szempontjából releváns értékekkel, illetve néhány ehhez kapcsolódó fesztivállal. Ezt követően elemzem a hungarikumok országimázsban betöltött szerepét, különös tekintettel a Nation Brand Hexagon modell dimenzióira. Primer kutatásom két online kérdőívre épült, amelyeket magyar és külföldi válaszadók töltöttek ki. Az eredmények alapján a legismertebb hungarikumok főként gasztronómiai jellegűek, és ezek pozitívan befolyásolják a turisták élményeit, illetve hozzájárulnak Magyarország kedvező nemzetközi megítéléséhez. A válaszokból az is kiderül, hogy bár sokan ismerik a fogalmat, annak pontos jelentése és a teljes értéklista kevésbé ismert. Dolgozatom rávilágít arra, hogy a hungarikumok tudatos turisztikai és kommunikációs eszközként történő alkalmazása erősítheti a nemzeti identitást, és elősegítheti Magyarország hiteles és vonzó országmárkájának kialakítását. 
695 |a hungarikum 
695 |a kulturális örökség 
695 |a nemzeti identitás 
695 |a országimázs 
695 |a turizmus 
700 1 |a Sóvári Katalin  |e ths 
856 4 0 |u http://dolgozattar.uni-bge.hu/59546/1/Fekete_Florentina_%C3%81gnes%20-%20Szakdolgozat..pdf  |z Dokumentum-elérés 
856 4 0 |u http://dolgozattar.uni-bge.hu/59546/2/Fekete%20Florentina_konzulensi%20b%C3%ADr%C3%A1lat.pdf  |z Dokumentum-elérés 
856 4 0 |u http://dolgozattar.uni-bge.hu/59546/3/Fekete%20Florentina%20%C3%81gnes_b%C3%ADr%C3%A1lat_Zm%C3%A1k%20Tibor.pdf  |z Dokumentum-elérés